000 00402nam a2200169 4500
020 _a0273753363
082 _a658.8 KOT
100 _aKeller, Kotler
_96315
245 _aMarkerting Management
250 _a14th ed
260 _aEngland
_bPearson
_c2012
300 _a131p
_b:ill. ; 27cm
500 _aInclude Appendix
650 _aMarketing
_9207
700 _aKeller, Kevin L
_96316
942 _cBK
999 _c12280
_d12280